000 01186nam a22003377a 4500
003 CHAP
005 20220329135839.0
008 971013s1978 r 00010 d
010 _a43210
011 _a44182
035 _a48320
040 _cCHAP
090 _aTesis
100 0 0 _aSada Márquez, Héctor.
_9101147
245 _aEvaluación preliminar de la pulpa de dátil (Yucca filifera y Y. descipiens) como fuente de energía en iniciación de pollos de engorda
260 _a(Monterrey, N.L. :
_bEl autor,
_c1978
300 _a38 h.
_b; gráfs.
502 _aTesis (Ing. Agr. Zootecnista) -- ITESM. Div. de Ciencias Agropecuarias y Marítimas
590 _aALEPH
_b10
_c20130110
_lUCH01
_h1312
590 _aBATCH-UPD
_b10
_c20130110
_lUCH01
_h0101
590 _aBATCH-UPD
_b10
_c20130110
_lUCH01
_h1558
590 _aBATCH-UPD
_b10
_c20130410
_lUCH01
_h0955
590 _aBATCH-UPD
_b10
_c20130914
_lUCH01
_h0445
590 _aCONVERSION
_b10
_c20130109
_lUCH01
_h1324
650 1 4 _aAves de corral
_xNutrición.
_98672
650 1 4 _aYucca discipiens.
_9123336
650 1 4 _aYucca filifera.
_9123337
901 _aBK
942 _cTESIS
949 _bBC
_cTES
_d-109540
_eTS1
_i48320
_si
999 _c43210
_d43210